000
00229nam a2200097Ia 4500
005
20251222114354.0
008
251222s1900||||xx |||||||||||||| ||spa||
082
_a
DVD0070/S31/2005/Ej.2
245
0
_a
Gladiador:Gladiator
942
_c
DVD
999
_c
1356
_d
1356